| 000 | 01520nab a22002657a 4500 | ||
|---|---|---|---|
| 999 |
_c5495 _d5495 |
||
| 003 | OSt | ||
| 005 | 20251209134757.0 | ||
| 008 | 190502c xxu||||| |||| 00| 0 spa d | ||
| 040 | _cPJ | ||
| 100 |
_96481 _aFounburg, Mariano Nicolás |
||
| 245 | 1 | 3 |
_aEl caso "Chocobar" y la posibilidad de una segunda condena por un mismo hecho. Las implicancias de un reenvío a instancias de la querella / _cMariano Nicolás Founburg. |
| 260 |
_aCiudad Autónoma de Buenos Aires : _bThomson Reuters La Ley, _c2025. |
||
| 300 | _ap. 64-72 | ||
| 500 | _aCita Online: AR/DOC/2684/2024. | ||
| 505 | _aSumario: I. Reseña del caso.— II. Tensiones entre derechos y garantías de los imputados y derechos de las víctimas.— III. El reenvío como un juicio sin fin.— IV. Las consecuencias prácticas del reenvío.— V. Consideraciones finales respecto del caso "Chocobar". El recurso del querellante y la absolución como único remedio. | ||
| 505 | _tFallo comentado: CNCasCrim. y Correc., sala II ~ 06/05/2024 ~ Chocobar, Luis Oscar y otro s/ recurso de casación. | ||
| 505 | _t¿Te interesa el texto completo? Solicitalo al correo: koha@justierradelfuego.gov.ar | ||
| 650 | 0 |
_9343 _aDERECHO PENAL |
|
| 650 | 0 |
_92913 _aHOMICIDIO |
|
| 650 | 0 |
_94885 _aDERECHOS DE LA VÍCTIMA |
|
| 650 | 0 |
_96486 _aCUMPLIMIENTO DE UN DEBER |
|
| 650 | 0 |
_91974 _aDERECHOS DEL IMPUTADO |
|
| 773 | 0 |
_02729 _93180 _dBuenos Aires : LexisNexis, 2006- _tRevista de derecho penal y procesal penal. Nº 2 - Febrero 2025 _z9875920622 |
|
| 942 |
_2udc _cANA |
||